Datum a čas kvízu
27.5
Celkem bodů
Celkový počet nahraných bodů na tomto kvízu bez doplňovacích otázek.
5.
Pořadí na kvízu
Konečné umístění týmu na tomto kvízu.
Zaznamenané odpovědi
| # | Otázka | Odpověď | Body | Výsledky |
|---|---|---|---|---|
| 1. | Žena, která nastoupila loni v... | Jana Vohralíková, Petr Kolář | 1 | |
| 2. | Tento ruský opoziční politik v... | Boris Naděždin | 1 | |
| 3. | Ve čtvrtek byl na Netflixu ods... | narkobaronka (šéfka kokainové mafie) | 1 | |
| 4. | Firma Apple se minulý týden po... | umožní instalovat aplikace i z jiných zdrojů než AppStore | 0 | |
| 5. | Slavná Barcelona obdržela v so... | Villarreal | 1 | |
| 6. | Nejvíce dvojčat na světě se ro... | Nigérie | 0 | |
| 7. | Dvojčata si mohou v dětském vě... | kryptofázie | 0 | |
| 8. | Jako dvojčata byly označovány... | Ground Zero | 1 | |
| 9. | Jak se jmenuje herec, jehož ob... | Rami Malek | 1 | |
| 10. | Na závěr tématu se podíváme na... | paterčata | 0 |